Films dont le titre commence par un L (4) - Version facile - Statistiques

Statistiques générales
  • Ce quiz a été pris 7 fois
  • Le résultat moyen est 6 sur 30
Statistiques - réponses
Année Réalisateur Genre 1 acteur ou
1 actrice
Titre Indice facile % Correct
1976 C. Zidi Comédie Louis de Funès L'aile ou la cuisse cuisse
83%
1993 A. Pakula Policier Julia Roberts L'affaire Pélican affaire
67%
1983 J. Becker Drame psychologique Alain Souchon L'été meurtrier été
67%
1968 N. Jewison Policier Steve McQueen L'affaire Thomas Crown affaire
50%
1985 C. Miller Comédie dramatique Charlotte Gainsbourg L'Effrontée *
50%
1973 C. Bernard-Aubert Drame Jean Gabin L'affaire Dominici affaire
33%
1940 M. Curtiz Aventures Errol Flynn L'aigle des mers aigle
33%
1991 J-J Annaud Comédie dramatique Tony Leung Ka Fai L'Amant *
33%
1984 Ch. Frank Drame Bernard Giraudeau L'année des méduses année
33%
1985 M. Cimino Policier Mickey Rourke L'année du dragon année
33%
1973 W. Friedkin Fantastique Max von Sydow L'Exorciste *
33%
1995 Y. Boisset Historique Pierre Arditi L'affaire Dreyfus affaire
17%
1982 Ph. De Broca Comédie Catherine Deneuve L'Africain *
17%
1976 M. Anderson Science-fiction Bill Couch L'âge de cristal cristal
17%
1947 J. Cocteau Drame Jean Marais L'aigle à deux têtes aigle
17%
1965 B.L. Robert Espionnage Richard Burton L'espion qui venait du froid froid
17%
1987 G. Krawczyk Comédie dramatique Patrick Braoudé L'été en pente douce été
17%
1952 J. Mankiewicz Espionnage James Mason L'affaire Cicéron affaire
0%
1955 H. Decoin Historique Paul Meurisse L'affaire des poisons affaire
0%
1946 M. L'Herbier Historique Viviane Romance L'affaire du collier de la reine affaire
0%
1937 C. Autant-Lara Historique Pierre Blanchar L'affaire du courrier de Lyon affaire
0%
1972 F. Rosi Politique Luigi Squarzina L'affaire Mattei affaire
0%
1993 Y. Boisset Drame Christophe Malavoy L'affaire Seznec affaire
0%
1976 F. Cassenti Drame Roger Ibanez L'affiche rouge rouge
0%
1964 G. Grangier Comédie Fernandel L'âge ingrat âge
0%
1963 J-P Melville Drame psychologique Jean-Paul Belmondo L'aîné des Ferchaux aîné
0%
1976 Ph. Labro Policier Jean-Paul Belmondo L'Alpagueur *
0%
1941 Christian-Jaque Policier Harry Baur L'assassinat du Père Noël assassinat
0%
1953 H. Verneuil Comédie Fernandel L'ennemi public numéro un public
0%
1984 W. Petersen Fantastique Barret Oliver L'histoire sans fin fin
0%
Aucun quiz correspondant
Distribution des résultats
% des personnes avec chaque résultat
Percentile par nombre de réponses
Votre historique - résultats
Vous n’avez pas pris ce quiz